Sampling and analysis

This book discusses sampling plans; air, water, soil, and wastesampling procedures and techniques; data interpretation; sample handling and preservation techniques; nondestructive materials testing techniques; analytical laboratory sample handling practices; health and safety cosiderations; quality...

全面介绍

Đã lưu trong:
书目详细资料
格式: 图书
语言:Undetermined
出版: Upper Saddle River, New Jersey Prentice-Hall 1997
主题:
标签: 添加标签
没有标签, 成为第一个标记此记录!
Thư viện lưu trữ: Trung tâm Học liệu Trường Đại học Cần Thơ
LEADER 00865nam a2200181Ia 4500
001 CTU_32014
008 210402s9999 xx 000 0 und d
020 |b 887.000đ 
082 |a 628.5028 
082 |b S192 
245 0 |a Sampling and analysis 
260 |a Upper Saddle River, New Jersey 
260 |b Prentice-Hall 
260 |c 1997 
520 |a This book discusses sampling plans; air, water, soil, and wastesampling procedures and techniques; data interpretation; sample handling and preservation techniques; nondestructive materials testing techniques; analytical laboratory sample handling practices; health and safety cosiderations; quality assurance and control procedures; and documentation requirements 
650 |a environmental sampling,pollution - measurement 
904 |i Minh, 990713 
980 |a Trung tâm Học liệu Trường Đại học Cần Thơ